Κατάλογος Βιβλιοθηκών Mediterranean College

Στοιχεία θεωρίας υπολογισμού / (Record no. 9885)

MARC details
000 -LEADER
fixed length control field 02169nam a22003137a 4500
003 - ΤΑΥΤΟΤΗΤΑ ΤΟΥ ΑΡΙΘΜΟΥ ΕΛΕΓΧΟΥ
Πεδίο ελέγχου GR-AtMCL
005 - ΗΜΕΡΟΜΗΝΙΑ ΚΑΙ ΩΡΑ ΤΕΛΕΥΤΑΙΑΣ ΕΝΗΜΕΡΩΣΗΣ
Πεδίο ελέγχου 20250806131453.0
006 - FIXED-LENGTH DATA ELEMENTS--ADDITIONAL MATERIAL CHARACTERISTICS
Πεδίο ελέγχου σταθερού μήκους a|||||r|||| 00| 0
008 - FIXED-LENGTH DATA ELEMENTS--GENERAL INFORMATION
Πεδίο ελέγχου σταθερού μήκους 250806b |||||||| |||| 00| 0 eng d
020 ## - ISBN
ISBN 9789602183977
040 ## - ΠΗΓΗ ΚΑΤΑΛΟΓΟΓΡΑΦΗΣΗΣ
Φορέας πρωτότυπης καταλογογράφησης MC Athens Campus Library
Γλώσσα καταλογογράφησης Ελληνικά, Μοντέρνα (1453-)
Modifying agency MC Athens Campus Library
Κανόνες περιγραφικής καταλογογράφησης AACR2
041 1# - ΓΛΩΣΣΑ
Κωδικός γλώσσας πρωτότυπου Αγγλικά
100 1# - MAIN ENTRY--PERSONAL NAME
Personal name Lewis, Harry R.
9 (RLIN) 4747
245 10 - ΤΙΤΛΟΣ ΚΑΙ ΔΗΛΩΣΗ ΥΠΕΥΘΥΝΟΤΗΤΑΣ
Τίτλος Στοιχεία θεωρίας υπολογισμού /
Statement of responsibility, etc. Harry R. Lewis, Χρίστος Χ. Παπαδημητρίου ; μετάφραση Παναγιώτης Αντωνιάδης ; επιστημονική επιμέλεια Μάρθα Σιδέρη
260 ## - PUBLICATION, DISTRIBUTION, ETC.
Place of publication, distribution, etc. Αθήνα :
Name of publisher, distributor, etc. Κριτική,
Date of publication, distribution, etc. 2005
300 ## - PHYSICAL DESCRIPTION
Extent 503σ. ;
Διαστάσεις 24εκ.
490 1# - SERIES STATEMENT
Δήλωση σειράς Επιστημονική βιβλιοθήκη
500 ## - GENERAL NOTE
Γενική σημείωση Ευρετήριο: σ. 494-503
500 ## - GENERAL NOTE
Γενική σημείωση Τίτλος πρωτοτύπου: Elements of the theory of computation
520 ## - SUMMARY, ETC.
Summary, etc. Το βιβλίο αποτελεί μια εισαγωγή στην κλασική και σύγχρονη θεωρία υπολογισμού, προορισμένη για προπτυχιακό στάδιο. Τα θέματα που καλύπτονται είναι η θεωρία των αυτομάτων και των τυπικών γλωσσών, η υπολογισιμότητα από μηχανές Turing και αναδρομικές συναρτήσεις, η μη υπολογισιμότητα, η υπολογιστική πολυπλοκότητα και η μαθηματική λογική. Η αντιμετώπιση είναι μαθηματική αλλά η θεώρηση γίνεται με την οπτική της επιστήμης των υπολογιστών.
650 00 - SUBJECT ADDED ENTRY--TOPICAL TERM
Topical term or geographic name entry element Πληροφορική
9 (RLIN) 9850
650 00 - SUBJECT ADDED ENTRY--TOPICAL TERM
Topical term or geographic name entry element Λογική, Συμβολική και μαθηματική
9 (RLIN) 9997
650 00 - SUBJECT ADDED ENTRY--TOPICAL TERM
Topical term or geographic name entry element Υπολογιστική πολυπλοκότητα
9 (RLIN) 9996
700 1# - ΠΡΟΣΘΕΤΗ ΑΝΑΓΡΑΦΗ--ΦΥΣΙΚΟ ΠΡΟΣΩΠΟ
Personal name Παπαδημητρίου, Χρίστος Χ.,
Dates associated with a name 1949-
9 (RLIN) 7670
700 ## - ΠΡΟΣΘΕΤΗ ΑΝΑΓΡΑΦΗ--ΦΥΣΙΚΟ ΠΡΟΣΩΠΟ
Personal name Αντωνιάδης, Παναγιώτης
9 (RLIN) 9994
830 ## - SERIES ADDED ENTRY--UNIFORM TITLE
Ομοιόμορφος τίτλος Επιστημονική βιβλιοθήκη (Κριτική)
9 (RLIN) 9995
942 ## - ADDED ENTRY ELEMENTS (KOHA)
Koha item type Books
Holdings
Τύπος τεκμηρίου Βιβλιοθήκη Τρέχουσα τοποθεσία Barcode Αριθμός εισαγωγής Ημερομηνία απόκτησης Ταξιθετικό σύμβολο Αριθμός αντιτύπου Κατάσταση απόσυρσης Κατάσταση χαμένου Κατάσταση κατεστραμμένου Μη δανεισμός Σύνολο δανεισμών Ημερομηνία τελευταίας εμφάνισης Η τιμή ισχύει από
Books MC Athens Campus Library MC Athens Campus Library 9780000098559 8138 06/08/2025 511.3 LEW 1           06/08/2025 06/08/2025

MC Athens Campus Library
Πατησίων 94 & Κοδριγκτώνος 13, 104 34
Πελλήνης 8 & Πατησίων 107, 112 51
Τ: +30 210 8899600

MC Thessaloniki Campus Library
Ίωνος Δραγούμη 21, 54625 | Ίωνος Δραγούμη 15, 54625
Τ: +30 2310 287779 – Τ: +30 2314 440300